000 01073nam a22003257a 4500
003 CHAP
005 20220329141712.0
008 971013s1981 r 00010 d
010 _a72474
011 _a73446
035 _a83003
040 _cCHAP
090 _aTesis
100 0 0 _aAguirre Sepúlveda, Sergio René.
_93043
245 _aInferencia sobre las combinaciones líneales de las probabilidades de una multinomial
260 _aChapingo, Méx. :
_bEl autor,
_c1981
300 _a48 h.
502 _aTesis (M.C. Esp. en Estadística) -- CP. Centro de Estadística y Cálculo
590 _aALEPH
_b10
_c20130110
_lUCH01
_h1413
590 _aBATCH-UPD
_b10
_c20130110
_lUCH01
_h0359
590 _aBATCH-UPD
_b10
_c20130410
_lUCH01
_h0032
590 _aBATCH-UPD
_b10
_c20130913
_lUCH01
_h2318
590 _aCONVERSION
_b10
_c20130109
_lUCH01
_h1340
650 1 4 _aInferencia estadística.
_958062
650 1 4 _aProbabilidades.
_991687
901 _aBK
942 _cFOLL
949 _bBC
_cTES
_d-37312
_eTS1
_i83003
_si
949 _bBC
_cTES
_d-37313
_eTS2
_fc.2
_i83003
_si
999 _c72474
_d72474